| 000 | 00945nam a2200253 a 4500 | ||
|---|---|---|---|
| 001 | 21304 | ||
| 003 | CO-ViMGA | ||
| 008 | 141112s2004 ck r 000 u spa d | ||
| 020 | _a95809671 | ||
| 040 |
_aCO-ViMGA _bspa _cCO-ViMGA |
||
| 082 | 0 | 4 | _a634 M671 |
| 100 | 1 |
_aMorales, Albert Ronald _930369 |
|
| 245 | 1 | 0 | _aFrutoterapia y belleza |
| 260 |
_aBogotá; Planeta, _c2002 |
||
| 300 | _a199 | ||
| 490 | _aCalves para vivir mejor | ||
| 505 | _aSecretos milenarios 21 - - Las frutas y la belleza 35 - - Tratamientos para la cara y el cuello 107 - - Dolencias comunes 177 - - Otros alimentos beneficiosos para la belleza corporal 189 | ||
| 590 | _aForma de adquisición : Compra fact. 0860 - - Precio : 30000 - - Proveedor : Temas y libros - - Fecha de adquisición : Mayo 2007 | ||
| 650 | 1 | 4 |
_aBELLEZA PERSONAL _915567 |
| 650 | 1 | 4 |
_aFRUTAS - USO TERAPEUTICO _919727 |
| 650 | 1 | 4 | _aFRUTOTERAPIA |
| 650 | 1 | 4 |
_aSALUD _949719 |
| 942 |
_2ddc _cBK |
||
| 999 |
_c29926 _d29926 |
||